| 000 | 01248cam a2200301Ii 4500 | ||
|---|---|---|---|
| 001 | 933249799 | ||
| 003 | OCoLC | ||
| 005 | 20240113203935.0 | ||
| 008 | 151221s2015 nyua j 001 0 spa | ||
| 020 | _a9781474816731 | ||
| 020 | _a1474816738 | ||
| 035 | _a(OCoLC)933249799 | ||
| 040 |
_aLPU _beng _erda _cLPU _dOCLCO _dOCLCF _dOCLCO _dSO$ |
||
| 041 | _aspa | ||
| 082 | 0 | 4 | _a590 |
| 092 |
_fJ- _a590 _bANIMALES |
||
| 245 | 0 | 0 |
_aAnimales : _bdescubre la fascinante diversidad de la naturaleza. |
| 260 |
_aNew York : _bParragon, _c2015. |
||
| 264 | 1 |
_aNew York : _bParragon, _c2015. |
|
| 300 |
_a80 pages : _bcolor illustrations ; _c29 cm. |
||
| 336 |
_atext _btxt _2rdacontent. |
||
| 337 |
_aunmediated _bn _2rdamedia. |
||
| 338 |
_avolume _bnc _2rdacarrier. |
||
| 500 | _aIncludes index. | ||
| 520 | _a"A traves de magnificas fotografias e ilustraciones, Animales te invita a realizar un fascinante viaje visual por la increible fauna con la que compartimos el planeta y a descubrir secretos sorprendentes por el camino. Este libro de consulta para toda la familia saciara la curiosidad de las mentes mas inquisitivas y dara a conocer la gran diversidad del mundo animal" --Back cover. | ||
| 650 | 0 |
_aAnimals _vJuvenile literature. |
|
| 942 | _cBK | ||
| 999 |
_c24743 _d24743 |
||